<?xml version="1.0" encoding="UTF-8"?><collection xmlns="info:lc/xmlns/marcxchange-v2"><record format="Unimarc" type="bibliographic"><leader>00681cam  2200229   450 </leader><controlfield tag="001">1909020</controlfield><controlfield tag="003">http://id.bnportugal.gov.pt/bib/porbase/1909020</controlfield><controlfield tag="005">20030524095500.0</controlfield><datafield ind1=" " ind2=" " tag="010"><subfield code="a">0-671-63577-8</subfield></datafield><datafield ind1=" " ind2=" " tag="035"><subfield code="5">81012</subfield></datafield><datafield ind1=" " ind2=" " tag="095"><subfield code="a">PTBN00790246</subfield></datafield><datafield ind1=" " ind2=" " tag="100"><subfield code="a">19940923d1987    k  y0pory0103    ba</subfield></datafield><datafield ind1="0" ind2=" " tag="101"><subfield code="a">eng</subfield></datafield><datafield ind1=" " ind2=" " tag="102"><subfield code="a">US</subfield></datafield><datafield ind1="1" ind2=" " tag="200"><subfield code="a">Why nothing works</subfield><subfield code="e">&lt;the &gt;anthropology of daily life</subfield><subfield code="f">Marvin Harris</subfield></datafield><datafield ind1=" " ind2=" " tag="210"><subfield code="a">New York</subfield><subfield code="c">Simon &amp; Schuster</subfield><subfield code="d">1987</subfield></datafield><datafield ind1=" " ind2=" " tag="215"><subfield code="a">XXII, p. 7-208</subfield><subfield code="d">21 cm</subfield></datafield><datafield ind1="2" ind2=" " tag="225"><subfield code="a">&lt;A &gt;touchstone book</subfield></datafield><datafield ind1=" " ind2=" " tag="312"><subfield code="a">Tít. anterior: América now</subfield></datafield><datafield ind1=" " ind2=" " tag="675"><subfield code="a">308(73)</subfield><subfield code="v">med</subfield><subfield code="z">fre</subfield><subfield code="3">302720</subfield></datafield><datafield ind1=" " ind2="1" tag="700"><subfield code="a">Harris</subfield><subfield code="b">Marvin</subfield><subfield code="3">190625</subfield></datafield><datafield ind1=" " ind2="0" tag="801"><subfield code="a">PT</subfield><subfield code="b">BN</subfield><subfield code="g">RPC</subfield></datafield><datafield ind1=" " ind2=" " tag="977"><subfield code="1">SD 308(73) H26w</subfield><subfield code="2">coop</subfield><subfield code="4">UACSD</subfield><subfield code="6">mq933134</subfield><subfield code="7">bc</subfield><subfield code="8">coop</subfield><subfield code="9">UACSD</subfield><subfield code="b">65800</subfield><subfield code="k">0</subfield></datafield><datafield ind1=" " ind2=" " tag="998"><subfield code="a">UAC33-411</subfield></datafield></record></collection>